| 000 | 00557nam a2200181 i 4500 | ||
|---|---|---|---|
| 001 | 34563 | ||
| 003 | ES-MaACL | ||
| 005 | 20250929063103.0 | ||
| 007 | t| | ||
| 008 | 030207s1965 sp ||||1| spa d | ||
| 100 | 1 |
_aDufoyer, Pierre, _d1898-1959 _9171461 |
|
| 245 | 1 | 3 |
_aEl matrimonio _b: el libro del joven de 17 a 20 años / _cRené Boigelot, Angel del Hogar [seud.]. |
| 250 | _a10ª ed. | ||
| 260 |
_aBilbao : _bDesclée de Brouwer, _c1965. |
||
| 300 |
_a163 p. ; _c19 cm. |
||
| 852 |
_aES-MaACL _jC-27886 _bR.57039 |
||
| 999 |
_c34563 _d34563 |
||